Technologičeskije sistemy vodoobrabotki : Dinamičeskaja optimizacija
Na minha lista:
| Autor principal: | |
|---|---|
| Formato: | Livro |
| Idioma: | russo |
| Publicado em: |
Leingrad :
Chimija,
1987
|
| Tags: |
Sem tags, seja o primeiro a adicionar uma tag!
|
MARC
| LEADER | 00000nam a22000003a 4500 | ||
|---|---|---|---|
| 001 | stu29447 | ||
| 005 | 20150617225737.4 | ||
| 008 | 950621s1987----xxr-----------------rus-d | ||
| 040 | |a STU |b slo | ||
| 041 | 0 | |a rus | |
| 044 | |a xxr | ||
| 080 | |a 628.543 |7 stu_us_auth*stu3692 | ||
| 100 | 1 | |a Gordin, Igor Viktorovič |4 aut | |
| 245 | 1 | |a Technologičeskije sistemy vodoobrabotki : |b Dinamičeskaja optimizacija | |
| 260 | |a Leingrad : |b Chimija, |c 1987 | ||
| 300 | |a 264 s | ||
| 996 | |c V*35516/O-14731 |l VV17 |s P |a 0 |w stu29447_0001 | ||